000 00375 a2200109 4500
001 ART_44810
005 20260410162024.0
008 260409a
245 1 0 _aInteracciones entre transición demográfica y epidemiológica en Nicaragua
100 1 _aDi Cesare, Mariachiara
773 0 _tNotas de población
_g- Año XXXVI, Nº 89 (jul./dic. 2009)
_wREV41841
999 _c33369
_d33369